Профессиональные нейротоксикозы (Запись № 11245725)
[ простой вид ]
| 000 -МАРКЕР | |
|---|---|
| контрольное поле | 02463nam0a2200373 i 4500 |
| 001 - ИДЕНТИФИКАТОР ЗАПИСИ | |
| контрольное поле | RU\NLR\BIBL_A\011351126 |
| 005 - ИДЕНТИФИКАТОР ВЕРСИИ | |
| контрольное поле | 20260426063031.0 |
| 010 ## - МЕЖДУНАРОДНЫЙ СТАНДАРТНЫЙ НОМЕР КНИГИ (ISBN) | |
| Номер (ISBN) | 9785945241671 |
| Тираж | 250 |
| 021 ## - НОМЕР ГОСУДАРСТВЕННОЙ РЕГИСТРАЦИИ | |
| Код страны | Российская Федерация |
| Номер | 2017-12805 |
| Номер Листа государственной регистраци | 943 |
| 035 ## - ДРУГИЕ СИСТЕМНЫЕ НОМЕРА | |
| Идентификатор записи | (RuMoRGB)008806431 |
| 035 ## - ДРУГИЕ СИСТЕМНЫЕ НОМЕРА | |
| Идентификатор записи | (NLR Aleph) 011351126 |
| 100 ## - ДАННЫЕ ОБЩЕЙ ОБРАБОТКИ | |
| Данные общей обработки | 20170322d2016 u y0rusy50 ca |
| 101 0# - ЯЗЫК РЕСУРСА | |
| Язык текста, звукозаписи и т.д. | русский |
| 102 ## - СТРАНА ПУБЛИКАЦИИ ИЛИ ПРОИЗВОДСТВА | |
| Страна публикации | Российская Федерация |
| 105 ## - ПОЛЕ КОДИРОВАННЫХ ДАННЫХ: ТЕКСТОВЫЕ МАТЕРИАЛЫ, МОНОГРАФИЧЕСКИЕ | |
| Кодированные данные о монографическом текстовом документе | y|||j|||000zy |
| 200 1# - ЗАГЛАВИЕ И СВЕДЕНИЯ ОБ ОТВЕТСТВЕННОСТИ | |
| Основное заглавие | Профессиональные нейротоксикозы |
| Сведения, относящиеся к заглавию | учебное пособие |
| Первые сведения об ответственности | Федеральное бюджетное учреждение науки "Уфимский научно-исследовательский институт медицины труда и экологии человека", Государственное бюджетное образовательное учреждение высшего профессионального образования "Башкирский государственный медицинский университет" Министерства здравоохранения Российской Федерации, Институт дополнительного профессионального образования |
| Последующие сведения об ответственности | [сост.: к.м.н. Алакаева Р.А. и др.] |
| 210 ## - ПУБЛИКАЦИЯ, РАСПРОСТРАНЕНИЕ И ДР. | |
| Место издания, распространения и т.д. | Уфа |
| Имя издателя, распространителя и т. д. | Диалог |
| -- | Изд-во ГБОУ ВПО БГМУ Минздрава России |
| Дата издания, распространения и т.д. | 2016 |
| 215 ## - ФИЗИЧЕСКАЯ ХАРАКТЕРИСТИКА | |
| Специфическое обозначение материала и объем | 71 с. |
| Размеры | 21 |
| 320 ## - ПРИМЕЧАНИЯ О НАЛИЧИИ В ДОКУМЕНТЕ БИБЛИОГРАФИИ / УКАЗАТЕЛЯ | |
| Текст примечания | Библиогр.: с. 71 (9 назв.) |
| 606 1# - НАИМЕНОВАНИЕ ТЕМЫ КАК ПРЕДМЕТ | |
| Наименование темы | Профессиональные нейротоксикозы |
| Формальный подзаголовок | Учебные издания для последипломного образования |
| Системный номер авторитетной/нормативной записи | 1721304 |
| Идентификатор авторитетной/нормативной записи | RU\NLR\AUTH\66768145 |
| 606 1# - НАИМЕНОВАНИЕ ТЕМЫ КАК ПРЕДМЕТ | |
| Наименование темы | Профессиональные нейротоксикозы |
| Формальный подзаголовок | Учебные издания для последипломного образования |
| Тематический подзаголовок | Медико-социальная экспертиза |
| Системный номер авторитетной/нормативной записи | 2323051 |
| Идентификатор авторитетной/нормативной записи | RU\NLR\AUTH\6601614339 |
| 686 ## - ИНДЕКСЫ ДРУГИХ КЛАССИФИКАЦИЙ | |
| Индекс | Р124.432я77-1 |
| Код системы | |
| 686 ## - ИНДЕКСЫ ДРУГИХ КЛАССИФИКАЦИЙ | |
| Индекс | Р284.126я77-1 |
| Код системы | |
| 686 1# - ИНДЕКСЫ ДРУГИХ КЛАССИФИКАЦИЙ | |
| Индекс | Р284.262я77 |
| 686 1# - ИНДЕКСЫ ДРУГИХ КЛАССИФИКАЦИЙ | |
| Индекс | Р124.432я77 |
| 686 1# - ИНДЕКСЫ ДРУГИХ КЛАССИФИКАЦИЙ | |
| Индекс | Р11(2)339.41,7я77 |
| 702 #1 - ИМЯ ЛИЦА - ВТОРИЧНАЯ ОТВЕТСТВЕННОСТЬ | |
| Начальный элемент ввода | Алакаева |
| Часть имени, кроме начального элемента ввода | Р. А. |
| Расширение инициалов личного имени | Раиса Арслановна |
| Код отношения | Составитель |
| 712 02 - НАИМЕНОВАНИЕ ОРГАНИЗАЦИИ - ВТОРИЧНАЯ ОТВЕТСТВЕННОСТЬ | |
| Код отношения | Прочие |
| Начальный элемент ввода | Уфимский НИИ медицины труда и экологии человека |
| Идентификатор авторитетной/нормативной записи | RU\NLR\AUTH\889943090 |
| Системный номер авторитетной/нормативной записи | 381288 |
| 942 ## - ДОПОЛНИТЕЛЬНЫЕ ЭЛЕМЕНТЫ ЗАПИСИ (АБИС) | |
| Тип экземпляра АБИС | Книга |
| 980 ## - КОЛЛЕКЦИЯ | |
| Название коллекции | НБР |
Нет доступных экземпляров.